Estimating U.S. consumer preferences for meat with a flexible utility function (Registro nro. 26078)

Detalles MARC
000 -LEADER
fixed length control field 00408 a2200121 4500
001 - CONTROL NUMBER
control field ART_12094
005 - DATE AND TIME OF LATEST TRANSACTION
control field 20260410161903.0
008 - FIXED-LENGTH DATA ELEMENTS--GENERAL INFORMATION
fixed length control field 260409a
100 1# - MAIN ENTRY--PERSONAL NAME
Personal name Christensen, Laurits R.
245 10 - TITLE STATEMENT
Title Estimating U.S. consumer preferences for meat with a flexible utility function
700 1# - ADDED ENTRY--PERSONAL NAME
Personal name Manser, Marilyn E.
773 0# - HOST ITEM ENTRY
Title Journal of econometrics
Related parts - Vol. 5, Nº 1 (ene. 1977)
Record control number REV11720

No hay ítems disponibles.